| 000 | 00472nam a2200169Ia 4500 | ||
|---|---|---|---|
| 003 | LK-CoDNM | ||
| 008 | 010623t xxu||||| |||| 00| 1 sin d | ||
| 040 |
_aLK-CoDNM _dLK-CoDNM _eLK-CoDNM |
||
| 041 | _asin | ||
| 080 | _a294.3 GNA | ||
| 100 | _aRahula Thero,Aththudawe. | ||
| 245 | _aජීවිතයේ පරමාර්ථය කුමක්ද? | ||
| 246 | _aGeevitaye Paramarthaya Kumakda? | ||
| 260 |
_bS.Godage _aColombo |
||
| 300 | _b162p., 21 cm | ||
| 942 | _cBK | ||
| 999 |
_c138329 _d138329 |
||